| 000 | 00810nam a22002417a 4500 | ||
|---|---|---|---|
| 005 | 20251108173618.0 | ||
| 008 | 250721s1978 xx 000 0 ara d | ||
| 020 | _a9990600589 | ||
| 082 | 1 | 4 | _a306.2/جاك |
| 100 | 1 | _aجاكوبي، راسل | |
| 245 | 1 | 0 | _aنهاية اليوتوبيا / |
| 264 | 1 |
_aالكويت : _bمطابع الوطن، _c1978. |
|
| 300 | _a161ص. | ||
| 490 | 0 | _aسلسلة عالم المعرفة يصدرها المجلس الوطني للثقافة والفنون والآداب | |
| 650 | 1 | 7 | _aالثقافة العالمية |
| 650 | 1 | 7 | _aالسياسة الثقافية |
| 650 | 1 | 7 | _aالايديولوجيا |
| 650 | 1 | 7 | _aالصراع الثقافي |
| 650 | 1 | 7 | _aالسياسة الثقافية |
| 650 | 1 | 7 | _aالعالم |
| 942 |
_2ddc _cBK |
||
| 999 |
_c108108 _d108108 |
||